[Event "VIE-ch U09 Girls"]
[Site "Ho Chi Minh City"]
[Date "2014.07.17"]
[Round "8"]
[White "Tran, Le Anh Thu"]
[Black "Ha, Hong Nhi"]
[Result "1-0"]
[WhiteElo "1554"]
[BlackElo "1568"]
[PlyCount "59"]
[EventDate "2014.07.13"]
[EventType "swiss"]
[EventRounds "9"]
[EventCountry "VIE"]
[SourceTitle "EXT 2016"]
[Source "ChessBase"]
[SourceDate "2015.10.08"]
[SourceVersion "1"]
[SourceVersionDate "2015.10.08"]
[SourceQuality "1"]

1. e4 e5 2. Nf3 Nc6 3. Nc3 Nf6 4. Bb5 Bb4 5. a3 a6 6. axb4 axb5 7. Rxa8 d6 8. h3 Nxb4 9. Nxb5 c6 10. Nxd6+ Qxd6 11. Rxc8+ Kd7 12. Rxh8 Na2 13. 0-0 Nxc1 14. Qxc1 Nxe4 15. Re1 Nf6 16. Re3 e4 17. Ng5 Qe5 18. Nxf7 Qe7 19. Ng5 Nd5 20. Rg3 Nf4 21. Qe1 h6 22. Nxe4 Kc7 23. Rh7 Nh5 24. Re3 Nf6 25. Nxf6 Qxf6 26. Re7+ Kd6 27. Rexg7 h5 28. Qe4 h4 29. Rg6 Qxg6 30. Qxg6+ 1-0